Preparation of electrochemical bio-sensor for determination of total cholesterol in serum (Record no. 125097)

MARC details
000 -LEADER
fixed length control field 00359nam a2200133Ia 4500
008 - FIXED-LENGTH DATA ELEMENTS--GENERAL INFORMATION
fixed length control field 230917s9999||||xx |||||||||||||| ||und||
040 ## - CATALOGING SOURCE
-- 159053
Original cataloging agency VIVEKANANDA LIBRARY
041 ## - Language
-- English
082 ## - DDC NUMBER
Classification number 570 V692P
100 ## - MAIN ENTRY--PERSONAL NAME
Personal name Vikas
245 #0 - TITLE STATEMENT
Title Preparation of electrochemical bio-sensor for determination of total cholesterol in serum
300 ## - PHYSICAL DESCRIPTION
Pages 103 p.
942 ## - ADDED ENTRY ELEMENTS (KOHA)
Koha item type Thesis
Holdings
Withdrawn status Lost status Damaged status Not for loan Location (home branch) Sublocation or collection (holding branch) Date acquired Koha issues (times borrowed) Koha full call number Accession No. Koha date last seen Koha item type
        VIVEKANANDA LIBRARY VIVEKANANDA LIBRARY 01/08/2010   570 V692P 221018 17/09/2023 Thesis
© Designed and Maintained by Vivekananda Library, MDU Rohtak